00543nam a2200229Ia 4500008004000000020001800040041000800058082001600066100002400082245006000106260003200166300001300198650001100211650000800222650001000230650000700240650000900247650001400256650001300270650001200283700001800295210210b2016 xxu||||| |||| 00| 0 eng d a9789386228086 aeng a954.03 DALK aDALRYMPLE (William) aKohinoor: the story of the worlds most infamous diamond aNew DelhibJuggernautc2016 aviii,239 aworlds athe astory aof amost aKohinoor: ainfamous adiamond aANAND (Anita)